Wszystkie piosenki - Deemz - Statystyki

Ogólne statystyki
  • Ten quiz został rozwiązany 45 razy
    24 od ostatniego zresetowania
  • Średni wynik to 13 z 35
Statystyki odpowiedzi
Hint Odpowiedź % Poprawnych
SAUCE Eldorado (feat. Bedoes & PlanBe)
92%
SAUCE Sauce (feat. Hodak, Jan-Rapowanie & Gedz)
75%
SAUCE Gucci Mane (feat. Bedoes & Young Multi)
67%
SAUCE Ptak (feat. Young Igi & Qry)
67%
SAUCE Ślub - @atutowy Remix (feat. Kuqe 2115 & @atutowy)
67%
SAUCE Ślub (feat. Kuqe 2115 & Michał Wiśniewski)
67%
SAUCE Ból (feat. Szpaku & Białas)
58%
SAUCE Fiesta (feat. Smolasty & Sobel)
58%
SAUCE Fresh (feat. White 2115 & Donguralesko)
58%
SAUCE I Took A Pill In Remiza (feat. GOMBAO 33)
58%
SAUCE I Took A Pill In Remiza - Nocny Remix (feat. GOMBAO 33 & Nocny)
58%
SAUCE Wasabi (feat. Reto & Żabson)
58%
SAUCE Rutyna (feat. Sobel & Oki)
50%
SAUCE Demon Slayer (feat. Żabson & Alan)
42%
SAUCE Kruki (feat. Sarius & Beata Kozidrak)
42%
SAUCE Papi Papi - Borucci Remix (feat. Beteo, Kizo, Kabe & Borucci)
42%
SAUCE Papi Papi (feat. Beteo, Kizo & Kabe)
42%
SAUCE Jungle Attack (feat. Miły ATZ & FOLKPRO)
33%
SAUCE Rose (feat. Fukaj & Jay Nemor)
33%
SAUCE Dziki (feat. Tymek)
25%
SAUCE Tv (feat. Kronkel Dom & Lubin)
25%
SAUCE Wszyscy Śpią (feat. Beteo & Chivas)
25%
SAUCE Free$tyle (feat. Malik Montana, Josef Bratan, Bibič & Alberto)
17%
SAUCE Gotówka (feat. Mr. Polska, Oska030 & Pusher)
17%
SAUCE Habibi (feat. CatchUp & Kacperczyk)
17%
SAUCE Mumble (feat. Nick Tendo)
17%
SAUCE Poprawka (feat. Gverilla & Jacek Stachursky)
17%
Aperitif EP TJIMZ (feat. Gedz, Hades & Paluch)
17%
SAUCE Tyle O Tobie Wiem (feat. Rosalie., Vito Bambino & Kacperczyk)
17%
SAUCE Uwaga (feat. Paluch, Kabe & Yzomandias)
17%
SAUCE Video (feat. TUZZA Globale & Natalia Szroeder)
17%
SAUCE Zaopiekuj Się (feat. White 2115 & Piotr Rogucki)
17%
Aperitif EP Friendzone (feat. Dwa Sławy & Sztoss)
8%
SAUCE Los (feat. Sapi Tha King & Kaz Bałagane)
8%
SAUCE Syp Syppin (feat. Trill Pem & Qry)
8%
Nie znaleziono quizów pasujących do podanych kryteriów
Rozkład punktacji
Procent ludzi z każdym wynikiem
Percentyl według liczby udzielonych odpowiedzi
Twoja historia wyników
Nie rozwiązałeś tego quizu od ostatniego zresetowania